Welcome to CU Library Online Public Access Catalogue (OPAC)

SOCIOLOGY (Record no. 2958)

MARC details
000 -LEADER
fixed length control field 00400nam a22001457a 4500
005 - DATE AND TIME OF LATEST TRANSACTION
control field 20250123172826.0
008 - FIXED-LENGTH DATA ELEMENTS--GENERAL INFORMATION
fixed length control field 250123b |||||||| |||| 00| 0 eng d
020 ## - INTERNATIONAL STANDARD BOOK NUMBER
International Standard Book Number 9780536735973
050 ## - LIBRARY OF CONGRESS CALL NUMBER
Classification number HM586
100 ## - MAIN ENTRY--PERSONAL NAME
Personal name HENSLIN, JAMES M
245 ## - TITLE STATEMENT
Title SOCIOLOGY
Remainder of title A DOWN-TO-EARTH APPROCH
Statement of responsibility, etc. JAMES M. HENSLIN
260 ## - PUBLICATION, DISTRIBUTION, ETC.
Place of publication, distribution, etc. BOSTON
Name of publisher, distributor, etc. PEARSON EDUCATION
Date of publication, distribution, etc. c2003
300 ## - PHYSICAL DESCRIPTION
Extent xli, 790p.;
Other physical details illus
942 ## - ADDED ENTRY ELEMENTS (KOHA)
Source of classification or shelving scheme Library of Congress Classification
Koha item type Books
Suppress in OPAC No
999 ## -
-- 2958
-- 2958
Holdings
Withdrawn status Lost status Source of classification or shelving scheme Damaged status Not for loan Collection Home library Current library Shelving location Date acquired Total checkouts Full call number Barcode Date last seen Copy number Price effective from Koha item type
    Library of Congress Classification     Non-fiction Undergraduate Library (Christ Temple) Undergraduate Library (Christ Temple) General stacks 01/23/2025   HM586 HEN ulct00000899 01/23/2025 1 01/23/2025 Books
© 2023-2024 Copyright: Central University Libraries. All Rights Reserved | Created by: Mahone Tech Office